[Event "DEN-chT 1314 52nd"]
[Site "Denmark"]
[Date "2013.12.08"]
[Round "3.3"]
[White "Pedersen, Nicolai Vesterbaek"]
[Black "Lindfeldt, Jan Magnus"]
[Result "1/2-1/2"]
[WhiteElo "2394"]
[BlackElo "2286"]
[PlyCount "59"]
[EventDate "2013.11.02"]
[EventType "team-tourn"]
[EventRounds "9"]
[EventCountry "DEN"]
[SourceTitle "CBM 157 Extra"]
[Source "ChessBase"]
[SourceDate "2013.12.19"]
[SourceVersion "1"]
[SourceVersionDate "2013.12.19"]
[SourceQuality "1"]
[WhiteTeam "Nordea"]
[BlackTeam "Copenhagen 68"]
[WhiteTeamCountry "DEN"]
[BlackTeamCountry "DEN"]

1. d4 g6 2. e4 Bg7 3. Nc3 a6 4. f4 b5 5. Nf3 Bb7 6. Bd3 Nf6 7. 0-0 b4 8. e5 bxc3 9. exf6 Bxf6 10. bxc3 c5 11. Be3 Qc7 12. Rb1 Bd5 13. dxc5 Bxa2 14. Rb2 Be6 15. Bd4 Bxd4+ 16. cxd4 Qxf4 17. c3 0-0 18. Re2 Nc6 19. Qe1 Qh6 20. Re4 Qg7 21. Rh4 f6 22. c4 Bf7 23. d5 Ne5 24. Nxe5 fxe5 25. Rf3 d6 26. Rfh3 dxc5 27. Rh6 e4 28. Bxe4 a5 29. d6 Ra7 30. Rxh7 1/2-1/2

[Event "DEN-chT 1213"]
[Site "Denmark"]
[Date "2013.01.12"]
[Round "4.3"]
[White "Lindfeldt, Jan Magnus"]
[Black "Petersen, Tom Petri"]
[Result "1-0"]
[WhiteElo "2269"]
[BlackElo "2331"]
[PlyCount "69"]
[EventDate "2012.10.27"]
[EventType "team-tourn"]
[EventRounds "9"]
[EventCountry "DEN"]
[SourceTitle "EXT 2014"]
[Source "ChessBase"]
[SourceDate "2013.11.20"]
[SourceVersion "1"]
[SourceVersionDate "2013.11.20"]
[SourceQuality "1"]
[WhiteTeam "Copenhagen 68"]
[BlackTeam "Nordre"]
[WhiteTeamCountry "DEN"]
[BlackTeamCountry "DEN"]

1. e4 d6 2. d4 Nf6 3. Nc3 e5 4. dxe5 dxe5 5. Qxd8+ Kxd8 6. Bd2 Bd6 7. 0-0-0 Be6 8. f4 Ng4 9. Nh3 f6 10. Nb5 Nc6 11. Be2 h5 12. f5 Bf7 13. Nxd6 cxd6 14. Bxg4 hxg4 15. Nf2 Bh5 16. Rde1 Ke7 17. Re3 Rac8 18. Kb1 Bf7 19. Nxg4 d5 20. exd5 Bxd5 21. Rg3 Nd4 22. Ne3 Bc6 23. Rxg7+ Kf8 24. Rg6 Kf7 25. Ng4 Be4 26. Rxf6+ Ke8 27. Bc3 Nxc2 28. Re6+ Kf8 29. Rxe5 Na3+ 30. Kc1 Bxg2 31. Rg1 Bf3 32. Re6 Nb5 33. Ne5 Bh5 34. Nd7+ Kf7 35. Rg7# 1-0

[Event "DEN-chT 1213"]
[Site "Denmark"]
[Date "2012.12.02"]
[Round "3.3"]
[White "Ochsner, Bjorn Moller"]
[Black "Lindfeldt, Jan Magnus"]
[Result "1/2-1/2"]
[WhiteElo "2322"]
[BlackElo "2269"]
[PlyCount "110"]
[EventDate "2012.10.27"]
[EventType "team-tourn"]
[EventRounds "9"]
[EventCountry "DEN"]
[SourceTitle "EXT 2014"]
[Source "ChessBase"]
[SourceDate "2013.11.20"]
[SourceVersion "1"]
[SourceVersionDate "2013.11.20"]
[SourceQuality "1"]
[WhiteTeam "Jetsmark"]
[BlackTeam "Copenhagen 68"]
[WhiteTeamCountry "DEN"]
[BlackTeamCountry "DEN"]

1. e4 e5 2. Nf3 Nc6 3. Bb5 a6 4. Ba4 Nf6 5. 0-0 Be7 6. d3 d6 7. c3 0-0 8. Re1 b5 9. Bc2 d5 10. Nbd2 dxe4 11. dxe4 Be6 12. Bb3 Bxb3 13. axb3 Nd7 14. Qe2 Qb8 15. Nf1 Nc5 16. b4 Nb3 17. Ra2 a5 18. bxa5 Ncxa5 19. Qc2 c5 20. Ne3 c4 21. Nd5 Bc5 22. Nh4 Nxc1 23. Qxc1 Nb3 24. Rxa8 Qxa8 25. Qg5 f6 26. Qg4 Qa7 27. Qe2 g6 28. Rf1 Qf7 29. Rd1 Ra8 30. Qf3 Kg7 31. Qg3 Kh8 32. Qg4 Bf8 33. Nb6 Ra1 34. Rxa1 Nxa1 35. Qc8 Nb3 36. Nd7 Kg7 37. Nf3 Be7 38. Qb7 Nc5 39. Nxc5 Bxc5 40. Qxb5 Qa7 41. g4 Bxf2+ 42. Kg2 Be3 43. Qxc4 Qd7 44. h3 Qd1 45. Qf1 Qc2+ 46. Kh1 Qxe4 47. Qe2 Qb1+ 48. Kg2 Qc1 49. Ne1 e4 50. Kf1 f5 51. gxf5 gxf5 52. Qb5 Bd2 53. Qd7+ Kg6 54. Qe6+ Kg5 55. Qe7+ Kg6 1/2-1/2

[Event "DEN-chT 1112 50th"]
[Site "Denmark"]
[Date "2011.10.29"]
[Round "1.4"]
[White "Lindfeldt, Jan Magnus"]
[Black "Nordenbaek, Jan"]
[Result "1-0"]
[WhiteElo "2246"]
[BlackElo "2252"]
[PlyCount "67"]
[EventDate "2011.10.29"]
[EventType "team-tourn"]
[EventRounds "9"]
[EventCountry "DEN"]
[SourceTitle "EXT 2012"]
[Source "ChessBase"]
[SourceDate "2011.11.24"]
[SourceVersion "1"]
[SourceVersionDate "2011.11.24"]
[SourceQuality "1"]
[WhiteTeam "Copenhagen 68"]
[BlackTeam "Sydostfyn"]
[WhiteTeamCountry "DEN"]
[BlackTeamCountry "DEN"]

1. e4 e5 2. Nf3 Nc6 3. Bb5 a6 4. Ba4 Nf6 5. 0-0 Be7 6. Re1 b5 7. Bb3 d6 8. c3 0-0 9. h3 Na5 10. Bc2 c5 11. d4 Qc7 12. Nbd2 Bd7 13. dxe5 dxe5 14. Nf1 Rad8 15. Qe2 Rfe8 16. Ne3 c4 17. Nd5 Nxd5 18. exd5 Bd6 19. Ng5 h6 20. Bh7+ Kh8 21. Qh5 Bc8 22. Bc2 Kg8 23. Be3 Rf8 24. Nh7 f5 25. Nxf8 Rxf8 26. f4 Bc5 27. Qf3 exf4 28. Bxc5 Qxc5+ 29. Kh2 Nb7 30. Rad1 Qd6 31. Re6 Bxe6 32. dxe6 Qb8 33. e7 Rf7 34. Rd8+ 1-0

[Event "DEN-chT 1011 49th"]
[Site "Denmark"]
[Date "2010.12.05"]
[Round "3.4"]
[White "Christensen, Tobias"]
[Black "Lindfeldt, Jan Magnus"]
[Result "0-1"]
[WhiteElo "2366"]
[BlackElo "2225"]
[PlyCount "88"]
[EventDate "2010.11.06"]
[EventType "team-tourn"]
[EventRounds "9"]
[EventCountry "DEN"]
[SourceTitle "EXT 2012"]
[Source "ChessBase"]
[SourceDate "2011.11.24"]
[SourceVersion "1"]
[SourceVersionDate "2011.11.24"]
[SourceQuality "1"]
[WhiteTeam "Aarhus/Skolerne"]
[BlackTeam "Copenhagen 68"]
[WhiteTeamCountry "DEN"]
[BlackTeamCountry "DEN"]

1. Nf3 g6 2. g3 Bg7 3. Bg2 c5 4. 0-0 Nc6 5. d3 d5 6. e4 dxe4 7. dxe4 Qxd1 8. Rxd1 Bg4 9. c3 Ne5 10. Nbd2 Rd8 11. Rf1 Nd3 12. h3 Be6 13. Nb3 b6 14. Rd1 Nf6 15. Ne1 Nxc1 16. Rxd8+ Kxd8 17. Rxc1 Kc7 18. Rd1 g5 19. Nc2 Rd8 20. Rxd8 Kxd8 21. Ne3 Nd7 22. Bf1 Ne5 23. Kg2 h5 24. f3 h4 25. gxh4 gxh4 26. f4 Bh6 27. Nf5 Bxf5 28. exf5 Bxf4 29. a4 a5 30. Bb5 Kc7 31. Kf2 Kd6 32. Ke2 Kd5 33. Ba6 Ke4 34. Na1 Kxf5 35. Nc2 Bc1 36. b4 Kf4 37. bxc5 bxc5 38. Na1 Bb2 39. Nb3 Bxc3 40. Nxc5 Bb4 41. Nd3+ Nxd3 42. Bxd3 e5 43. Bc4 f5 44. Be6 e4 0-1

[Event "DEN-chT 0910 48th"]
[Site "Denmark"]
[Date "2010.02.21"]
[Round "7.3"]
[White "Lindfeldt, Jan Magnus"]
[Black "Pedersen, Steffen"]
[Result "0-1"]
[WhiteElo "2237"]
[BlackElo "2428"]
[PlyCount "126"]
[EventDate "2009.11.07"]
[EventType "team-tourn"]
[EventRounds "9"]
[EventCountry "DEN"]
[SourceTitle "EXT 2023"]
[Source "ChessBase"]
[SourceDate "2022.10.05"]
[SourceVersion "1"]
[SourceVersionDate "2022.10.05"]
[SourceQuality "1"]
[WhiteTeam "Copenhagen 68"]
[BlackTeam "Sydostfyn"]
[WhiteTeamCountry "DEN"]
[BlackTeamCountry "DEN"]

1. e4 c6 2. d4 d5 3. Nc3 dxe4 4. Nxe4 Nd7 5. Nf3 Ngf6 6. Nxf6+ Nxf6 7. c3 Bg4 8. h3 Bh5 9. Be2 e6 10. Ne5 Bxe2 11. Qxe2 Bd6 12. 0-0 0-0 13. Bg5 Be7 14. Rad1 Re8 15. Qf3 Qd5 16. Qf4 Qe4 17. Qc1 h6 18. Rfe1 Qh7 19. Bh4 Rad8 20. Re3 Nd5 21. Bxe7 Nxe3 22. Bxd8 Nxd1 23. Bc7 f6 24. Qxd1 fxe5 25. Bxe5 Qe4 26. Qb3 Re7 27. Qa3 Rd7 28. Qxa7 Qe1+ 29. Kh2 Qxf2 30. Qb8+ Qf8 31. Qa7 Qf5 32. a4 Rf7 33. Qb8+ Kh7 34. Qe8 Qg6 35. Bg3 Rf5 36. Qd7 Rg5 37. Qd6 Qe4 38. a5 c5 39. dxc5 Rd5 40. Qf4 Qxf4 41. Bxf4 Rxc5 42. g4 Rxa5 43. Kg2 Ra2 44. Bc1 Kg6 45. h4 e5 46. Kf3 Kf6 47. Ke4 Ke6 48. c4 b5 49. Kd3 bxc4+ 50. Kxc4 Ra1 51. Be3 Rh1 52. h5 Rh4 53. b4 Rxg4+ 54. Kc5 Rg3 55. Bd2 Rd3 56. Be1 Rd1 57. Bg3 Rc1+ 58. Kb6 e4 59. Bf2 Rc3 60. b5 e3 61. Bh4 e2 62. Ka7 Ra3+ 63. Kb7 Ra1 0-1

[Event "DEN-chT 0910 48th"]
[Site "Denmark"]
[Date "2009.11.08"]
[Round "2.3"]
[White "Lindfeldt, Jan Magnus"]
[Black "Sorensen, Bent"]
[Result "1/2-1/2"]
[WhiteElo "2237"]
[BlackElo "2240"]
[PlyCount "107"]
[EventDate "2009.11.07"]
[EventType "team-tourn"]
[EventRounds "9"]
[EventCountry "DEN"]
[SourceTitle "EXT 2023"]
[Source "ChessBase"]
[SourceDate "2022.10.05"]
[SourceVersion "1"]
[SourceVersionDate "2022.10.05"]
[SourceQuality "1"]
[WhiteTeam "Copenhagen 68"]
[BlackTeam "Norresundby"]
[WhiteTeamCountry "DEN"]
[BlackTeamCountry "DEN"]

1. e4 e6 2. d4 d5 3. Nd2 c5 4. exd5 exd5 5. Ngf3 Nc6 6. Bb5 Bd6 7. dxc5 Bxc5 8. 0-0 Nge7 9. Nb3 Bb6 10. Bg5 0-0 11. Qd2 a6 12. Bd3 f6 13. Bf4 Bg4 14. Be2 Re8 15. h3 Bh5 16. Rad1 Bf7 17. Bh2 Ng6 18. c3 Qd7 19. Nfd4 Nce5 20. Qc2 Rad8 21. Kh1 Qa4 22. Nf5 Nf4 23. Bxf4 Qxf4 24. g3 Qa4 25. Nbd4 Qd7 26. Kh2 Bg6 27. Qb3 Bc7 28. Ne3 Bf7 29. a4 h5 30. Rfe1 h4 31. Nef5 hxg3+ 32. fxg3 Kh7 33. Qc2 g6 34. Nh4 Rh8 35. Ndf3 Kg8 36. Nxe5 Bxe5 37. Bg4 Qd6 38. Nxg6 Bxg3+ 39. Kh1 Rh6 40. Ne7+ Kf8 41. Nf5 Qf4 42. Rd4 Qf2 43. Qxf2 Bxf2 44. Nxh6 Bxe1 45. Kg2 Bg6 46. Nf5 Bxf5 47. Bxf5 Rd6 48. a5 b6 49. Be4 bxa5 50. Rxd5 Rb6 51. Rxa5 Rxb2+ 52. Kf3 Bxc3 53. Rxa6 Ke7 54. Bf5 1/2-1/2

[Event "DEN-chT 0809"]
[Site "Denmark"]
[Date "2009.03.21"]
[Round "8.5"]
[White "Palm, Nikolaj"]
[Black "Lindfeldt, Jan Magnus"]
[Result "1/2-1/2"]
[WhiteElo "2239"]
[BlackElo "2249"]
[PlyCount "81"]
[EventDate "2008.11.01"]
[EventType "team-tourn"]
[EventRounds "9"]
[EventCountry "DEN"]
[SourceTitle "EXT 2023"]
[Source "ChessBase"]
[SourceDate "2022.10.05"]
[SourceVersion "1"]
[SourceVersionDate "2022.10.05"]
[SourceQuality "1"]
[WhiteTeam "Bronshoj"]
[BlackTeam "Copenhagen 68"]
[WhiteTeamCountry "DEN"]
[BlackTeamCountry "DEN"]

1. d4 Nf6 2. c4 g6 3. Nc3 Bg7 4. e4 0-0 5. f3 d6 6. Nge2 c5 7. Be3 Nc6 8. d5 Ne5 9. Nc1 e6 10. Be2 exd5 11. cxd5 a6 12. a4 Bd7 13. 0-0 b5 14. axb5 axb5 15. Rxa8 Qxa8 16. Nxb5 Qb8 17. Nc3 Qxb2 18. N1a2 Rb8 19. h3 Nh5 20. Bc1 Qa1 21. Qc2 Ng3 22. Rd1 Nxe2+ 23. Nxe2 Qb1 24. Qxb1 Rxb1 25. Nac3 Rb3 26. Bf4 Nc4 27. Rc1 h5 28. Bg3 Bf6 29. Be1 Ne5 30. Ra1 Nd3 31. Bg3 Bxc3 32. Nxc3 Rxc3 33. Bxd6 c4 34. Ra7 Rc1+ 35. Kh2 Bb5 36. Be7 Kg7 37. d6 c3 38. d7 Bxd7 39. Rxd7 Ne5 40. Rc7 Rc2 41. Kg3 1/2-1/2

[Event "DEN-chT 0809"]
[Site "Denmark"]
[Date "2009.01.25"]
[Round "6.4"]
[White "Baekgaard, Martin"]
[Black "Lindfeldt, Jan Magnus"]
[Result "1-0"]
[WhiteElo "2294"]
[BlackElo "2249"]
[PlyCount "73"]
[EventDate "2008.11.01"]
[EventType "team-tourn"]
[EventRounds "9"]
[EventCountry "DEN"]
[SourceTitle "EXT 2023"]
[Source "ChessBase"]
[SourceDate "2022.10.05"]
[SourceVersion "1"]
[SourceVersionDate "2022.10.05"]
[SourceQuality "1"]
[WhiteTeam "Jetsmark"]
[BlackTeam "Copenhagen 68"]
[WhiteTeamCountry "DEN"]
[BlackTeamCountry "DEN"]

1. d4 Nf6 2. c4 g6 3. Nc3 Bg7 4. e4 0-0 5. Nf3 d6 6. h3 e5 7. d5 Nh5 8. Nh2 c6 9. Be3 a6 10. a4 a5 11. c5 dxc5 12. Bxc5 Re8 13. Qb3 cxd5 14. Nxd5 Be6 15. Bc4 Nd7 16. Be3 Nf4 17. 0-0 Rc8 18. Rfd1 Qg5 19. Bxf4 exf4 20. Nf3 Qh6 21. Rac1 Nc5 22. Qb5 Bd7 23. Qxa5 Bxb2 24. Rb1 Nxa4 25. Bb5 Ra8 26. Qb4 Bxb5 27. Qxb5 Bg7 28. Qxb7 Nc5 29. Qc6 Nxe4 30. Ne7+ Kf8 31. Qxe4 Bf6 32. Rb7 Rac8 33. Rdd7 g5 34. Nf5 Rc1+ 35. Kh2 Rxe4 36. Rxf7+ Ke8 37. Nd6+ 1-0

[Event "DEN-chT 0506"]
[Site "Denmark"]
[Date "2005.11.20"]
[Round "3.5"]
[White "Brinck Claussen, Bjorn"]
[Black "Lindfeldt, Jan Magnus"]
[Result "1-0"]
[WhiteElo "2306"]
[BlackElo "2231"]
[PlyCount "101"]
[EventDate "2005.11.05"]
[EventType "team-tourn"]
[EventRounds "9"]
[EventCountry "DEN"]
[SourceTitle "EXT 2023"]
[Source "ChessBase"]
[SourceDate "2022.10.05"]
[SourceVersion "1"]
[SourceVersionDate "2022.10.05"]
[SourceQuality "1"]
[WhiteTeam "Bronshoj"]
[BlackTeam "Copenhagen 68"]
[WhiteTeamCountry "DEN"]
[BlackTeamCountry "DEN"]

1. e4 e5 2. Nf3 Nc6 3. Bb5 a6 4. Ba4 Nf6 5. 0-0 Be7 6. Re1 b5 7. Bb3 d6 8. c3 0-0 9. h3 Bb7 10. d4 Re8 11. Nbd2 Bf8 12. a4 h6 13. Bc2 g6 14. Nf1 exd4 15. cxd4 Nb4 16. d5 Nxc2 17. Qxc2 Qd7 18. Bd2 c6 19. axb5 axb5 20. dxc6 Bxc6 21. Rxa8 Bxa8 22. Ng3 Qb7 23. Nd4 h5 24. f3 Bg7 25. Qd3 h4 26. Nf1 Nd7 27. Ne3 Ne5 28. Qxb5 Rb8 29. Qxb7 Bxb7 30. Bc3 Bc8 31. Rd1 Kf8 32. Kf2 Bh6 33. Nd5 Bb7 34. b4 Bxd5 35. exd5 Rc8 36. Nb5 Nc4 37. Rd3 Bf4 38. Na7 Ra8 39. Bd4 f5 40. Ke2 Re8+ 41. Kd1 Be3 42. Nc6 Bxd4 43. Rxd4 Ne3+ 44. Kc1 Nxg2 45. b5 Ne1 46. b6 Nxf3 47. Ra4 Re1+ 48. Kc2 Re2+ 49. Kc3 Re3+ 50. Kc4 Nd2+ 51. Kb5 1-0

[Event "Politiken Cup 27th"]
[Site "Copenhagen"]
[Date "2005.07.18"]
[Round "4"]
[White "Lindfeldt, Jan Magnus"]
[Black "Vul, Arkadi Eremeevich"]
[Result "0-1"]
[WhiteElo "2293"]
[BlackElo "2425"]
[PlyCount "50"]
[EventDate "2005.07.16"]
[EventType "swiss"]
[EventRounds "10"]
[EventCountry "DEN"]
[SourceTitle "CBM 107 Extra"]
[Source "ChessBase"]
[SourceDate "2005.09.01"]
[SourceVersion "1"]
[SourceVersionDate "2005.09.01"]
[SourceQuality "1"]

1. e4 e5 2. Nf3 Nc6 3. Bb5 g6 4. d4 exd4 5. Bg5 f6 6. Bh4 Bg7 7. 0-0 Nge7 8. Bc4 Na5 9. Qxd4 Nec6 10. Qd5 Nxc4 11. Qxc4 d6 12. Nc3 Bg4 13. e5 Bxf3 14. exf6 Bxf6 15. Qe6+ Qe7 16. Qxf6 Qxf6 17. Bxf6 0-0 18. Bh4 Nd4 19. Rae1 Bc6 20. Ne4 Rf4 21. Nf6+ Kf7 22. Re7+ Kxe7 23. Nd5+ Kf7 24. Nxf4 Nxc2 25. Re1 Nxe1 0-1

[Event "Politiken Cup 27th"]
[Site "Copenhagen"]
[Date "2005.07.17"]
[Round "2"]
[White "Lauritsen, Martin Lee"]
[Black "Lindfeldt, Jan Magnus"]
[Result "0-1"]
[WhiteElo "2085"]
[BlackElo "2293"]
[PlyCount "144"]
[EventDate "2005.07.16"]
[EventType "swiss"]
[EventRounds "10"]
[EventCountry "DEN"]
[SourceTitle "CBM 107 Extra"]
[Source "ChessBase"]
[SourceDate "2005.09.01"]
[SourceVersion "1"]
[SourceVersionDate "2005.09.01"]
[SourceQuality "1"]

1. e4 e5 2. Nf3 Nc6 3. d4 exd4 4. Nxd4 Bc5 5. Nb3 Bb4+ 6. Bd2 a5 7. a3 Bxd2+ 8. N3xd2 Nf6 9. Nc3 0-0 10. Nf3 Qe7 11. Bd3 d5 12. 0-0 dxe4 13. Re1 Bf5 14. Nd2 Rad8 15. Ncxe4 Nxe4 16. Nxe4 Ne5 17. Qe2 Nxd3 18. cxd3 b6 19. Rad1 c5 20. Qf3 Bg6 21. Re2 h6 22. Ng3 Qd7 23. Red2 Rfe8 24. Ne2 Qe7 25. Kf1 Rd6 26. Nf4 Qg5 27. Nxg6 Qxg6 28. g3 Red8 29. h4 Qe6 30. Kg2 Qd5 31. Qxd5 Rxd5 32. b4 axb4 33. axb4 cxb4 34. d4 f5 35. f4 Kf7 36. Kf3 b3 37. Ke3 Re8+ 38. Kd3 b5 39. Rb1 Re4 40. Kc3 Re3+ 41. Rd3 Re7 42. Rxb3 Kg6 43. Kb4 Re4 44. Kc3 Kh5 45. Rb1 Re7 46. Ra1 Rc7+ 47. Kd2 Rcd7 48. Kc3 R7d6 49. Ra7 g6 50. Rh7 Rd8 51. Rd1 Rc8+ 52. Kd3 Rxd4+ 53. Kxd4 Rd8+ 54. Ke3 Rxd1 55. Rb7 Rb1 56. Rb6 b4 57. Kf2 b3 58. Kg2 b2 59. Kh2 Kg4 60. Rb3 h5 61. Kg2 Rd1 62. Rxb2 Rd3 63. Rb4 Rxg3+ 64. Kh2 Kxh4 65. Rb6 Rg4 66. Rb4 g5 67. Rb3 gxf4 68. Ra3 Rg3 69. Ra4 Kg4 70. Kh1 Rb3 71. Ra8 Rb1+ 72. Kh2 f3 0-1

[Event "Politiken Cup 27th"]
[Site "Copenhagen"]
[Date "2005.07.16"]
[Round "1"]
[White "Lindfeldt, Jan Magnus"]
[Black "Lynge, Torben"]
[Result "1-0"]
[WhiteElo "2293"]
[BlackElo "1913"]
[PlyCount "129"]
[EventDate "2005.07.16"]
[EventType "swiss"]
[EventRounds "10"]
[EventCountry "DEN"]
[SourceTitle "CBM 107 Extra"]
[Source "ChessBase"]
[SourceDate "2005.09.01"]
[SourceVersion "1"]
[SourceVersionDate "2005.09.01"]
[SourceQuality "1"]

1. e4 c6 2. d4 d5 3. Nc3 dxe4 4. Nxe4 Bf5 5. Ng3 Bg6 6. Nf3 e6 7. Bc4 Nf6 8. Qe2 Bd6 9. Ne5 Nbd7 10. f4 Nd5 11. h4 Nxe5 12. Bxd5 Nd3+ 13. cxd3 Qa5+ 14. Bd2 Qxd5 15. h5 Bf5 16. Nxf5 Qxf5 17. g4 Qd5 18. Qe4 0-0-0 19. Qxd5 exd5 20. Kf2 Rde8 21. Kf3 Re7 22. Rae1 Rhe8 23. Rxe7 Rxe7 24. f5 Kd7 25. Bg5 f6 26. Be3 h6 27. Re1 Bc7 28. a4 Bb6 29. Ra1 a6 30. Rc1 Kc8 31. Bf2 Ba7 32. b4 Kd7 33. Rb1 Bb8 34. Be3 Bd6 35. Bd2 Re8 36. Bc3 Rb8 37. Bd2 Ra8 38. Rb2 Re8 39. Be3 Bc7 40. b5 axb5 41. axb5 Rb8 42. Bd2 Ra8 43. Bb4 Rc8 44. bxc6+ bxc6 45. Ra2 Bd6 46. Bd2 Ke8 47. Ra7 Rc7 48. Ra8+ Kf7 49. Ba5 Rb7 50. Rc8 Rb5 51. Rxc6 Ba3 52. Rc7+ Kg8 53. Bd2 Rb3 54. Rc3 Rb5 55. Rxa3 Rb1 56. Ra8+ Kf7 57. Ra7+ Kg8 58. Be3 Rb5 59. Bf4 Rb3 60. Ke3 Rb5 61. Ra8+ Kf7 62. Bd6 g6 63. hxg6+ Kg7 64. Bf8+ Kg8 65. Bxh6+ 1-0

[Event "North Sea Cup 20th"]
[Site "Esbjerg"]
[Date "2005.07.03"]
[Round "2"]
[White "Lindfeldt, Jan Magnus"]
[Black "Nilsson, Jonas"]
[Result "1-0"]
[WhiteElo "2293"]
[BlackElo "1958"]
[PlyCount "79"]
[EventDate "2005.07.02"]
[EventType "swiss"]
[EventRounds "9"]
[EventCountry "DEN"]
[SourceTitle "CBM 107 Extra"]
[Source "ChessBase"]
[SourceDate "2005.09.01"]
[SourceVersion "1"]
[SourceVersionDate "2005.09.01"]
[SourceQuality "1"]

1. e4 e6 2. d4 d5 3. Nc3 Nf6 4. e5 Nfd7 5. f4 c5 6. Nf3 Nc6 7. Be3 a6 8. Qd2 cxd4 9. Nxd4 Nxd4 10. Bxd4 Bc5 11. Qf2 Bxd4 12. Qxd4 Qb6 13. Qxb6 Nxb6 14. a4 Bd7 15. a5 Nc4 16. Bxc4 dxc4 17. Ne4 Bc6 18. Nd6+ Ke7 19. 0-0-0 g6 20. Rhg1 Bd5 21. Rd4 Rac8 22. Nxc8+ Rxc8 23. g4 Rc5 24. Rg3 Rxa5 25. Ra3 Rc5 26. Rh3 b5 27. Rxh7 b4 28. Rh8 a5 29. Rb8 b3 30. Kd2 a4 31. Kc3 Ra5 32. cxb3 axb3 33. Rd1 Bf3 34. Rdd8 Be2 35. Rd6 Ra1 36. Rbd8 Ra7 37. g5 Rc7 38. h4 Bh5 39. Rh8 Be2 40. Rdd8 1-0